Einstein

Đã lưu trong:
Bibliografiske detaljer
Hovedforfatter: White, Michael
Format: Bog
Sprog:Undetermined
Udgivet: New York A Dutton Book 1993
Fag:
Tags: Tilføj Tag
Ingen Tags, Vær først til at tagge denne postø!
Thư viện lưu trữ: Trung tâm Học liệu Trường Đại học Cần Thơ
LEADER 00481nam a2200181Ia 4500
001 CTU_80088
008 210402s9999 xx 000 0 und d
082 |a 530 
082 |b W582 
100 |a White, Michael 
245 0 |a Einstein 
245 0 |c Michael White 
260 |a New York 
260 |b A Dutton Book 
260 |c 1993 
650 |a Einstein albert, 1879-1955,Physicists biography 
904 |i Trọng Hải 
980 |a Trung tâm Học liệu Trường Đại học Cần Thơ